[Event "RUS-ch U20 Girls"]
[Site "Ekaterinburg"]
[Date "2024.04.08"]
[Round "2"]
[White "Reger, Valeriia"]
[Black "Shukhman, Anna"]
[Result "1/2-1/2"]
[WhiteElo "1963"]
[BlackElo "2261"]
[PlyCount "97"]
[EventDate "2024.04.07"]
[EventType "tourn"]
[EventRounds "9"]
[EventCountry "RUS"]
[SourceTitle "CB16_2024"]
[SourceDate "2024.04.17"]
[SourceVersion "1"]
[SourceVersionDate "2024.04.17"]
[SourceQuality "1"]

1. d4 Nf6 2. c4 e6 3. Nc3 Bb4 4. a3 Bxc3+ 5. bxc3 0-0 6. f3 c5 7. e4 d6 8. Bd3 Nc6 9. Ne2 b6 10. 0-0 Nd7 11. Be3 Ba6 12. Ng3 Rc8 13. Qe2 cxd4 14. cxd4 e5 15. Nf5 exd4 16. Nxd4 Nce5 17. Nf5 Rc6 18. f4 Nxd3 19. Qxd3 Bxc4 20. Qd4 Nf6 21. Rf3 Be6 22. Nxg7 Kxg7 23. Rg3+ Kh8 24. f5 Rc4 25. Qb2 Rxe4 26. Bg5 Re5 27. fxe6 fxe6 28. Rf1 b5 29. Qd4 Rf5 30. Rxf5 exf5 31. Qxa7 Rg8 32. Qf7 Rg6 33. h3 d5 34. Bh4 Qb6+ 35. Kh1 Ng8 36. Qxd5 Qc7 37. Rxg6 hxg6 38. Bf2 Nf6 39. Qd4 Kg7 40. Bh4 Qc6 41. Qa7+ Nd7 42. Qd4+ Kf7 43. Bg5 Qe6 44. Qb4 Qe2 45. Qb3+ Qc4 46. Qe3 Qe6 47. Qd3 Qe1+ 48. Kh2 Qe5+ 49. Kh1 1/2-1/2

[Event "Wch Blitz (Women)"]
[Site "Samarkand"]
[Date "2023.12.30"]
[Round "14"]
[White "Shukhman, Anna"]
[Black "Kiolbasa, Oliwia"]
[Result "1-0"]
[WhiteElo "2213"]
[BlackElo "2379"]
[PlyCount "123"]
[EventDate "2023.12.29"]
[EventType "swiss (blitz)"]
[EventRounds "17"]
[EventCountry "UZB"]
[SourceTitle "CB01_2024"]
[SourceDate "2024.01.03"]
[SourceVersion "1"]
[SourceVersionDate "2024.01.03"]
[SourceQuality "1"]

1. e4 e5 2. Nf3 Nc6 3. d4 exd4 4. Nxd4 Bc5 5. Be3 Qf6 6. c3 b6 7. Bb5 Nge7 8. 0-0 0-0 9. Nxc6 dxc6 10. Bxc5 cxb5 11. Be3 Bb7 12. Nd2 Rad8 13. Qg4 Kh8 14. Bg5 Qg6 15. Nf3 f6 16. Qe6 Qxe4 17. Qxe4 Bxe4 18. Bf4 Nd5 19. Bg3 Bxf3 20. gxf3 c5 21. a4 b4 22. c4 Ne7 23. a5 Nf5 24. Bc7 Rd4 25. axb6 axb6 26. Rfc1 Nh4 27. Bxb6 Nxf3+ 28. Kg2 Nh4+ 29. Kf1 Rc8 30. Bxc5 Rd2 31. b3 h5 32. Bxb4 Rb2 33. Rcb1 Rc2 34. Rc1 Rb2 35. Rab1 Ra2 36. Bd6 Re8 37. Re1 Rd8 38. c5 Nf3 39. Re2 Nd2+ 40. Kg2 Nxb1 41. Rxa2 Nc3 42. Rc2 Ne4 43. Bc7 Rc8 44. Bb6 h4 45. b4 g5 46. Kf3 f5 47. c6 Nf6 48. b5 g4+ 49. Ke2 Nd5 50. Bd4+ Kh7 51. b6 Nb4 52. b7 Re8+ 53. Kd2 Nxc2 54. Kxc2 f4 55. c7 g3 56. fxg3 fxg3 57. hxg3 h3 58. c8Q Re2+ 59. Kd3 h2 60. Qf5+ Kh6 61. Qh3+ Kg5 62. Kxe2 1-0

[Event "Wch Blitz (Women)"]
[Site "Samarkand"]
[Date "2023.12.30"]
[Round "12"]
[White "Shukhman, Anna"]
[Black "Vaishali, Ramesh Babu"]
[Result "1-0"]
[WhiteElo "2213"]
[BlackElo "2497"]
[PlyCount "72"]
[EventDate "2023.12.29"]
[EventType "swiss (blitz)"]
[EventRounds "17"]
[EventCountry "UZB"]
[SourceTitle "CB01_2024"]
[SourceDate "2024.01.03"]
[SourceVersion "1"]
[SourceVersionDate "2024.01.03"]
[SourceQuality "1"]

1. e4 e5 2. Nf3 Nc6 3. d4 exd4 4. Nxd4 Nf6 5. Nxc6 bxc6 6. Nd2 d6 7. b3 g6 8. Bb2 Bg7 9. Bd3 0-0 10. 0-0 a5 11. a4 Ba6 12. Bxa6 Rxa6 13. Qf3 Re8 14. Rfe1 Nd7 15. Bxg7 Kxg7 16. Nc4 Qf6 17. Qxf6+ Kxf6 18. Rad1 Nb6 19. Nd2 Raa8 20. f4 Re7 21. Kf2 Rae8 22. g4 g5 23. e5+ Kg7 24. exd6 cxd6 25. fxg5 d5 26. Nf3 Re4 27. Rxe4 Rxe4 28. Rd4 Re6 29. h4 c5 30. Rf4 d4 31. Rf5 Nd7 32. Rd5 Re7 33. h5 h6 34. gxh6+ Kxh6 35. Nh4 Kh7 36. Nf5 Nf6 1-0

[Event "Wch Blitz (Women)"]
[Site "Samarkand"]
[Date "2023.12.29"]
[Round "7"]
[White "Padmini, Rout"]
[Black "Shukhman, Anna"]
[Result "0-1"]
[WhiteElo "2353"]
[BlackElo "2213"]
[PlyCount "124"]
[EventDate "2023.12.29"]
[EventType "swiss (blitz)"]
[EventRounds "17"]
[EventCountry "UZB"]
[SourceTitle "CB01_2024"]
[SourceDate "2024.01.03"]
[SourceVersion "1"]
[SourceVersionDate "2024.01.03"]
[SourceQuality "1"]

1. Nf3 Nf6 2. g3 g6 3. Bg2 Bg7 4. 0-0 0-0 5. d4 d6 6. b3 Nc6 7. Bb2 e5 8. dxe5 Ng4 9. c4 Ngxe5 10. Nc3 Re8 11. Qd2 Bf5 12. Nh4 Bc8 13. Nd5 Ne7 14. f4 Nxd5 15. fxe5 Nb6 16. exd6 Bxb2 17. Qxb2 Qxd6 18. Rf2 Bg4 19. Bxb7 Rab8 20. Bf3 Nxc4 21. Qc3 Ne5 22. Raf1 Bh3 23. Bg2 Bxg2 24. Nxg2 Rb4 25. h3 Rd4 26. Kh2 h5 27. Nf4 h4 28. Rg1 Nd7 29. e3 Rde4 30. Rd2 Qf6 31. Qxf6 Nxf6 32. gxh4 Rxe3 33. h5 Ne4 34. Rdg2 g5 35. Ne2 f6 36. Ng3 Nd6 37. Rf2 Kg7 38. Rgf1 R8e6 39. Rd2 Rxg3 40. Rxd6 Rxh3+ 41. Kxh3 Rxd6 42. Rc1 Rd7 43. Rc6 Rd2 44. Rxc7+ Kh6 45. Rf7 Rxa2 46. Rxf6+ Kxh5 47. Rf7 Ra3 48. Kg2 Kg4 49. Rc7 Ra2+ 50. Kf1 Kh4 51. Rh7+ Kg3 52. Rc7 g4 53. b4 Ra1+ 54. Ke2 Kg2 55. b5 g3 56. Rh7 Rb1 57. Rh5 Rb4 58. Kd3 Kf3 59. Kc3 Rg4 60. Rf5+ Ke4 61. Rf1 g2 62. Rg1 Ke5 0-1

[Event "Wch Blitz (Women)"]
[Site "Samarkand"]
[Date "2023.12.29"]
[Round "1"]
[White "Shuvalova, Polina"]
[Black "Shukhman, Anna"]
[Result "1-0"]
[WhiteElo "2475"]
[BlackElo "2213"]
[PlyCount "126"]
[EventDate "2023.12.29"]
[EventType "swiss (blitz)"]
[EventRounds "17"]
[EventCountry "UZB"]
[SourceTitle "CB01_2024"]
[SourceDate "2024.01.03"]
[SourceVersion "1"]
[SourceVersionDate "2024.01.03"]
[SourceQuality "1"]

1. e4 c5 2. Nf3 a6 3. c3 d5 4. exd5 Qxd5 5. d4 e6 6. Be2 cxd4 7. cxd4 Nf6 8. Nc3 Qd6 9. 0-0 Be7 10. Bg5 0-0 11. Rc1 Nc6 12. Bxf6 Bxf6 13. Ne4 Qd8 14. Qd2 Be7 15. Rfd1 Nb4 16. a3 Nd5 17. Bc4 b5 18. Bd3 Bb7 19. Ne5 Qe8 20. Nc5 Bxc5 21. dxc5 f6 22. c6 fxe5 23. cxb7 Rb8 24. Qc2 g6 25. Be4 Rxb7 26. Rxd5 exd5 27. Bxd5+ Rbf7 28. Qe4 Kg7 29. Bxf7 Rxf7 30. Re1 Rf5 31. g3 Qf7 32. Re2 Qc4 33. Qxc4 bxc4 34. Re4 Rf6 35. Rxc4 Rb6 36. b4 Kf6 37. Kg2 h5 38. Rc5 Rd6 39. Ra5 g5 40. Kf3 Kf5 41. h3 Rc6 42. g4+ hxg4+ 43. hxg4+ Ke6 44. Ke3 Rc3+ 45. Kd2 Rc6 46. f3 Kd6 47. Kd3 Ke6 48. Ke3 Rc3+ 49. Ke4 Rc4+ 50. Kd3 Rc6 51. Kd2 Kd6 52. Ke3 Ke6 53. Kd3 Kd6 54. Ke4 Rc4+ 55. Kf5 Rf4+ 56. Kxg5 Rxf3 57. Rxa6+ Kd5 58. Ra8 e4 59. b5 Rb3 60. a4 e3 61. Re8 Kd4 62. Kf4 Rb4 63. Re4+ Kd5 1-0

[Event "Wch Rapid (Women)"]
[Site "Samarkand"]
[Date "2023.12.28"]
[Round "11"]
[White "Yan, Tianqi"]
[Black "Shukhman, Anna"]
[Result "1-0"]
[WhiteElo "2302"]
[BlackElo "2213"]
[PlyCount "101"]
[EventDate "2023.12.26"]
[EventType "swiss (rapid)"]
[EventRounds "11"]
[EventCountry "UZB"]
[SourceTitle "CB01_2024"]
[SourceDate "2024.01.03"]
[SourceVersion "1"]
[SourceVersionDate "2024.01.03"]
[SourceQuality "1"]

1. e4 Nf6 2. e5 Nd5 3. c4 Nb6 4. d4 d6 5. exd6 cxd6 6. Nf3 g6 7. h3 Bg7 8. Nc3 0-0 9. Be2 Nc6 10. 0-0 e5 11. dxe5 dxe5 12. c5 Nd7 13. Be3 b6 14. Bb5 Nd4 15. Nxd4 exd4 16. Bxd4 Nxc5 17. Bc6 Bxd4 18. Bxa8 Bxc3 19. bxc3 Ba6 20. Bd5 Bxf1 21. Kxf1 Qf6 22. Qc2 Rd8 23. Rd1 Kg7 24. c4 Re8 25. g3 Re7 26. h4 h5 27. a4 Qe5 28. Bf3 Qf6 29. Kg2 Re5 30. Rd5 Rxd5 31. cxd5 Qd4 32. Qe2 Kf6 33. Qe8 Kg7 34. Qe7 Nd3 35. Qe2 Ne5 36. Qd1 Nxf3 37. Qxf3 Qxa4 38. d6 Qd4 39. Qc6 Kf6 40. Qc7 Qe4+ 41. Kh2 Qe2 42. Kg1 Qe1+ 43. Kg2 Qe4+ 44. Kh2 Qe2 45. Qd8+ Kf5 46. Qc8+ Kf6 47. Qh8+ Kf5 48. Qd4 Qe8 49. d7 Qd8 50. Qd6 a5 51. Qd5+ 1-0

[Event "Wch U14 Girls"]
[Site "Montesilvano"]
[Date "2023.11.22"]
[Round "9"]
[White "Mou, Iris Zhaoying"]
[Black "Shukhman, Anna"]
[Result "0-1"]
[WhiteElo "2086"]
[BlackElo "2263"]
[PlyCount "88"]
[EventDate "2023.11.13"]
[EventType "swiss"]
[EventRounds "11"]
[EventCountry "ITA"]
[SourceTitle "CB48_2023"]
[SourceDate "2023.11.29"]
[SourceVersion "1"]
[SourceVersionDate "2023.11.29"]
[SourceQuality "1"]

1. e4 c5 2. Nf3 e6 3. c3 d5 4. exd5 Qxd5 5. d4 Nf6 6. Na3 cxd4 7. Nb5 Qd8 8. Nbxd4 Be7 9. Bd3 0-0 10. 0-0 b6 11. Qe2 Bb7 12. Rd1 Qc8 13. Bg5 Na6 14. b4 Nc7 15. a3 Ncd5 16. Rac1 Bd6 17. Nb5 Bf4 18. c4 Bxc1 19. Rxc1 Ne7 20. Bxf6 Bxf3 21. Qxf3 gxf6 22. Qxf6 Qd8 23. Qf3 Ng6 24. Be4 Qg5 25. Qc3 Rad8 26. Nxa7 f5 27. Bc6 Rd3 28. Qe1 Nf4 29. Ra1 Rfd8 30. g3 Qh5 31. Bd5 exd5 32. gxf4 Kf7 33. Nc6 Rg8+ 34. Kf1 Qh3+ 35. Ke2 Re8+ 36. Ne5+ Rxe5+ 37. fxe5 Rd4 38. e6+ Ke8 39. f3 Qg2+ 40. Ke3 Qb2 41. Qe2 Qxa1 42. Kf2 Qc1 43. Kg3 Qg5+ 44. Kf2 Rd2 0-1

[Event "Wch U14 Girls"]
[Site "Montesilvano"]
[Date "2023.11.18"]
[Round "6"]
[White "Shukhman, Anna"]
[Black "Piddubna, Bozhena"]
[Result "1-0"]
[WhiteElo "2263"]
[BlackElo "2081"]
[PlyCount "117"]
[EventDate "2023.11.13"]
[EventType "swiss"]
[EventRounds "11"]
[EventCountry "ITA"]
[SourceTitle "CB48_2023"]
[SourceDate "2023.11.29"]
[SourceVersion "1"]
[SourceVersionDate "2023.11.29"]
[SourceQuality "1"]

1. e4 e5 2. Nf3 Nc6 3. Bb5 a6 4. Ba4 Nf6 5. 0-0 Be7 6. Re1 b5 7. Bb3 d6 8. c3 0-0 9. h3 Na5 10. Bc2 d5 11. d4 dxe4 12. Nxe5 c5 13. dxc5 Bxc5 14. Qxd8 Rxd8 15. b4 Bd6 16. f4 Nc4 17. Nxc4 bxc4 18. Nd2 Bxf4 19. Nxe4 Be5 20. Bg5 Bb7 21. Nc5 Bxc3 22. Nxb7 Bxa1 23. Rxa1 Rdb8 24. Bxf6 gxf6 25. Be4 Ra7 26. Na5 Rc7 27. a3 c3 28. Rc1 Re8 29. Bc2 Rd8 30. Nb3 Re7 31. Nc5 Re3 32. Kf2 Re7 33. Bd3 a5 34. Rxc3 axb4 35. axb4 Rc7 36. Be4 Rd4 37. Rb3 Rxc5 38. bxc5 Rxe4 39. Rc3 Re8 40. c6 Kf8 41. Kf3 Rc8 42. Ke4 Ke7 43. g4 h6 44. Kf5 Rc7 45. h4 Kd6 46. Kxf6 Kd5 47. h5 Ke4 48. g5 hxg5 49. h6 g4 50. h7 Rc8 51. c7 Kf4 52. Kg7 g3 53. h8Q Rxh8 54. Kxh8 g2 55. Rc1 f5 56. c8Q Kg4 57. Rg1 Kh4 58. Rxg2 f4 59. Qg4# 1-0

[Event "RUS-ch (Women) 73rd"]
[Site "St Petersburg"]
[Date "2023.10.09"]
[Round "8"]
[White "Gunina, Valentina"]
[Black "Shukhman, Anna"]
[Result "1-0"]
[WhiteElo "2439"]
[BlackElo "2232"]
[PlyCount "97"]
[EventDate "2023.10.01"]
[EventType "tourn"]
[EventRounds "11"]
[EventCountry "RUS"]
[EventCategory "4"]
[SourceTitle "EXT 2024"]
[Source "ChessBase"]
[SourceDate "2023.10.10"]
[SourceVersion "1"]
[SourceVersionDate "2023.10.10"]
[SourceQuality "1"]

1. d4 Nf6 2. c4 e6 3. Nf3 d5 4. Nc3 dxc4 5. e4 b5 6. e5 Nd5 7. Nxb5 Nb6 8. Be2 Nc6 9. Be3 Qd7 10. Nc3 Bb7 11. a3 Be7 12. Qc2 Na5 13. Rd1 Bc6 14. 0-0 Rb8 15. d5 Nxd5 16. Bxa7 Rb7 17. Bd4 0-0 18. Nxd5 Bxd5 19. Bc3 Qb5 20. Nd4 Qb6 21. Nf5 Bg5 22. h4 Bd8 23. Qd2 c6 24. Nd6 Rb8 25. Qf4 f6 26. Bh5 Qa7 27. Qg3 Rb3 28. Rde1 fxe5 29. Bd1 Rxc3 30. bxc3 Qb8 31. Ne4 Rf4 32. Ng5 h6 33. Nf3 e4 34. Nd4 Bxh4 35. Qh2 Be7 36. Nxe6 Rf8 37. Nxf8 Qxf8 38. Bc2 Nb3 39. Bxe4 Nd2 40. Bxd5+ cxd5 41. Qe5 Nxf1 42. Qxd5+ Kh8 43. Kxf1 Bxa3 44. Qxc4 Bc5 45. Re2 Qf5 46. Re8+ Bf8 47. g4 Qf3 48. Qe4 Qh3+ 49. Ke2 1-0

[Event "RUS-ch (Women) 73rd"]
[Site "St Petersburg"]
[Date "2023.10.04"]
[Round "4"]
[White "Shukhman, Anna"]
[Black "Yakimova, Mariya"]
[Result "1-0"]
[WhiteElo "2232"]
[BlackElo "2222"]
[PlyCount "83"]
[EventDate "2023.10.01"]
[EventType "tourn"]
[EventRounds "11"]
[EventCountry "RUS"]
[EventCategory "4"]
[SourceTitle "EXT 2024"]
[Source "ChessBase"]
[SourceDate "2023.10.10"]
[SourceVersion "1"]
[SourceVersionDate "2023.10.10"]
[SourceQuality "1"]

1. d4 Nf6 2. Nc3 d5 3. Bf4 a6 4. e3 b5 5. Bd3 Bb7 6. Nf3 e6 7. 0-0 c5 8. Ne5 c4 9. Be2 Bd6 10. Bf3 Qc7 11. Re1 0-0 12. a4 b4 13. Nb1 Rc8 14. Nd2 c3 15. bxc3 bxc3 16. Nb3 a5 17. Nd3 Bxf4 18. exf4 Ba6 19. f5 exf5 20. Ndc5 Bc4 21. Re3 Bxb3 22. cxb3 Nc6 23. Rxc3 Qf4 24. Rac1 Qxd4 25. Rd3 Qh4 26. g3 Qh3 27. Bg2 Qh6 28. Bxd5 Ng4 29. h4 Nge5 30. Rdc3 Ra7 31. f4 Ng4 32. Nb7 Rxb7 33. Rxc6 Rbc7 34. Bxf7+ Kxf7 35. Rxc7+ Rxc7 36. Rxc7+ Kg6 37. Qxg4+ fxg4 38. Rc6+ Kf5 39. Rxh6 gxh6 40. Kf2 Ke4 41. Ke2 Kd4 42. f5 1-0

[Event "RUS-ch (Women) 73rd"]
[Site "St Petersburg"]
[Date "2023.10.01"]
[Round "1"]
[White "Matveeva, Olga"]
[Black "Shukhman, Anna"]
[Result "0-1"]
[WhiteElo "2160"]
[BlackElo "2232"]
[PlyCount "92"]
[EventDate "2023.10.01"]
[EventType "tourn"]
[EventRounds "11"]
[EventCountry "RUS"]
[EventCategory "4"]
[SourceTitle "EXT 2024"]
[Source "ChessBase"]
[SourceDate "2023.10.10"]
[SourceVersion "1"]
[SourceVersionDate "2023.10.10"]
[SourceQuality "1"]

1. c4 e5 2. g3 Nc6 3. Bg2 f5 4. Nc3 Nf6 5. b3 d6 6. Bb2 Be7 7. e3 0-0 8. Nge2 e4 9. d4 Nb4 10. 0-0 Nd3 11. Qd2 Nxb2 12. Qxb2 c6 13. Rac1 Be6 14. d5 Bf7 15. Nd4 Qd7 16. Bh3 g6 17. dxc6 bxc6 18. Rfd1 c5 19. Nde2 g5 20. Na4 Qe6 21. Nec3 Bh5 22. Rd2 Nd7 23. Nd5 Ne5 24. Bg2 Bd8 25. h3 Qh6 26. Nac3 Nf3+ 27. Kf1 Nxd2+ 28. Qxd2 Bf3 29. b4 Qe6 30. a3 Rb8 31. Kg1 Rb7 32. Na4 Bb6 33. Kh2 Bh5 34. Nac3 Bd8 35. Na4 Be8 36. Nac3 Qe5 37. Kg1 Rg7 38. Ne2 Bh5 39. b5 Ba5 40. Qc2 Bf3 41. Bf1 f4 42. Kh2 Bxe2 43. Qxe2 fxg3+ 44. fxg3 Rgf7 45. Bg2 Rf2 46. Qg4 Rxg2+ 0-1

[Event "Titled Tuesday intern op 19th Sep Early"]
[Site "Chess.com INT"]
[Date "2023.09.19"]
[Round "5"]
[White "Dyachuk, Artem"]
[Black "Shukhman, Anna"]
[Result "1-0"]
[WhiteElo "2236"]
[BlackElo "2232"]
[PlyCount "47"]
[EventDate "2023.09.19"]
[EventType "swiss (blitz)"]
[EventRounds "11"]
[EventCountry "USA"]
[SourceTitle "EXT 2024"]
[Source "ChessBase"]
[SourceDate "2023.10.10"]
[SourceVersion "1"]
[SourceVersionDate "2023.10.10"]
[SourceQuality "1"]

1. e4 c5 2. Nf3 a6 3. c4 Nc6 4. d4 cxd4 5. Nxd4 Nf6 6. Nc3 e5 7. Nf5 d5 8. cxd5 Bxf5 9. exf5 Nd4 10. Bd3 Be7 11. 0-0 Nxd5 12. Re1 Nxc3 13. bxc3 Nc6 14. Qc2 Bf6 15. Ba3 Qa5 16. Qb3 b5 17. Be4 Rc8 18. Bxc6+ Rxc6 19. Rad1 Rxc3 20. Qd5 Qc7 21. Bd6 Qc4 22. Qa8+ Qc8 23. Qa7 Rc6 24. Rxe5+ 1-0

[Event "Titled Tuesday intern op 19th Sep Early"]
[Site "Chess.com INT"]
[Date "2023.09.19"]
[Round "6"]
[White "Shukhman, Anna"]
[Black "Quintiliano Pinto, Renato Rodrigues"]
[Result "1-0"]
[WhiteElo "2232"]
[BlackElo "2500"]
[PlyCount "81"]
[EventDate "2023.09.19"]
[EventType "swiss (blitz)"]
[EventRounds "11"]
[EventCountry "USA"]
[SourceTitle "EXT 2024"]
[Source "ChessBase"]
[SourceDate "2023.10.10"]
[SourceVersion "1"]
[SourceVersionDate "2023.10.10"]
[SourceQuality "1"]

1. e4 c5 2. Nf3 d6 3. d4 cxd4 4. Nxd4 Nf6 5. Nc3 g6 6. Be3 Bg7 7. f3 0-0 8. Qd2 Nc6 9. g4 Be6 10. Nxe6 fxe6 11. 0-0-0 Ne5 12. Be2 Qc8 13. h4 Nfd7 14. f4 Nc4 15. Bxc4 Qxc4 16. h5 Bxc3 17. Qxc3 Qxc3 18. bxc3 Rac8 19. hxg6 hxg6 20. Bd4 Nf6 21. Rh6 Nxe4 22. Re1 Nxc3 23. Rxg6+ Kf7 24. Rgxe6 Rfe8 25. g5 Rc4 26. g6+ Kg8 27. Bxc3 Rxc3 28. Rxe7 Rec8 29. R1e2 Rf3 30. Rf7 Rf8 31. Ree7 Rxf7 32. Rxf7 b5 33. f5 a5 34. Kd2 d5 35. Ke2 Rf4 36. Ke3 Rf1 37. Kd4 b4 38. Ke5 a4 39. Kf6 Re1 40. Rb7 Re8 41. Rxb4 1-0

[Event "Titled Tuesday intern op 05th Sep Early"]
[Site "Chess.com INT"]
[Date "2023.09.05"]
[Round "5"]
[White "Dyulgerov, Volen"]
[Black "Shukhman, Anna"]
[Result "0-1"]
[WhiteElo "2200"]
[BlackElo "2232"]
[PlyCount "54"]
[EventDate "2023.09.05"]
[EventType "swiss (blitz)"]
[EventRounds "11"]
[EventCountry "USA"]
[SourceTitle "EXT 2024"]
[Source "ChessBase"]
[SourceDate "2023.10.10"]
[SourceVersion "1"]
[SourceVersionDate "2023.10.10"]
[SourceQuality "1"]

1. e4 c5 2. Nf3 a6 3. d4 cxd4 4. c3 dxc3 5. Bc4 e6 6. 0-0 b5 7. Bb3 Bb7 8. Re1 Nc6 9. Nxc3 d6 10. a4 b4 11. Nd5 exd5 12. exd5+ Nce7 13. Nd4 Nf6 14. Bg5 Qd7 15. Rc1 Nfxd5 16. Nc6 Nc3 17. Rxc3 bxc3 18. Bxe7 Qxc6 19. Bxd6+ Kd8 20. Bxf8+ Kc8 21. Qg4+ Kb8 22. Bb4 Rd8 23. Qg3+ Qc7 24. Qh3 c2 25. Bxc2 Qxc2 26. Qg3+ Qc7 27. Bd6 Qxd6 0-1